| 000 | 00422cam a2200169ua 4500 | ||
|---|---|---|---|
| 041 |
_aeng _h |
||
| 082 |
_a536 _bALL/TE |
||
| 100 | _aAllen, H S . | ||
| 245 |
_aText book of heat / _cH S Allen. _hTextual Documents |
||
| 250 |
_a1 / _b. |
||
| 260 |
_aMelbourne,London : _bMacMillan and Company Limited , _c1962. |
||
| 300 | _a527 ; . | ||
| 504 | _a | ||
| 700 | 1 | _aMaxwell, R S . | |
| 942 | _cBK | ||
| 999 |
_c8830 _d8830 |
||